[Event "Turkish Club Cup 2019"]
[Site "Konya"]
[Date "2019.07.20"]
[Round "7"]
[White "Inan, Canberk"]
[Black "Cakiroglu, Metin"]
[Result "1-0"]
[WhiteElo "1895"]
[BlackElo "1970"]
[Annotator "NA"]
[PlyCount "95"]
[EventDate "2019.07.16"]
[EventType "team-tourn"]
[EventCountry "TUR"]
[SourceTitle "playchess.com"]
[Source "ChessBase"]
[SourceQuality "1"]
[TimeControl "5400+30"]

1. e4 c5 2. Nf3 g6 3. d4 cxd4 4. Nxd4 Nc6 5. c4 Nf6 6. Nc3 d6 7. Be2 Nxd4 8. Qxd4 Bg7 9. b3 O-O 10. Bb2 Qa5 11. O-O Be6 12. Qd3 {[%emt 0:20:00]} Nd7 {[%emt 0:35:00]} 13. Rab1 {[%emt 0:02:30]} Rfc8 {[%emt 0:03:30]} 14. Nd5 {[%emt 0:23:30]} Bxd5 {[%emt 0:00:30]} 15. exd5 {[%emt 0:02:30]} Qxa2 {[%emt 0:03:30]} 16. Bxg7 {[%emt 0:00:30]} Kxg7 {[%emt 0:00:00]} 17. Bg4 {[%emt 0:00:30]} Ne5 {[%emt 0:27:00]} 18. Qc3 {[%emt 0:00:30]} Kg8 {[%emt 0:02:30]} 19. Ra1 {[%emt 0:01:30]} Qxa1 {[%emt 0:04:30]} 20. Rxa1 {[%emt 0:00:30]} Nxg4 {[%emt 0:00:30]} 21. Qd4 {[%emt 0:00:00]} Ne5 {[%emt 0:00:00]} 22. Rxa7 {[%emt 0:01:00]} Rxa7 {[%emt 0:00:00]} 23. Qxa7 {[%emt 0:00:00]} b5 {[%emt 0:00:30]} 24. Qb7 {[%emt 0:13:00]} Rc5 {[%emt 0:02:30]} 25. Qxe7 {[%emt 0:00:00]} bxc4 {[%emt 0:00:30]} 26. Qxd6 {[%emt 0:01:00]} Nd3 {[%emt 0:00:30]} 27. bxc4 {[%emt 0:00:30]} Rxc4 {[%emt 0:00:00]} 28. h3 {[%emt 0:02:30]} h5 {[%emt 0:06:23]} 29. Qf6 {[%emt 0:12:30]} Nf4 {[%emt 0:02:01]} 30. g3 {[%emt 0:01:30]} Rc1+ {[%emt 0:03:43]} 31. Kh2 {[%emt 0:00:00]} Rd1 {[%emt 0:00:00]} 32. Qxf4 {[%emt 0:00:00]} Rxd5 {[%emt 0:00:03]} 33. Kg2 {[%emt 0:02:30]} Kg7 {[%emt 0:02:26]} 34. Qc4 {[%emt 0:00:30]} Rd6 {[%emt 0:00:40]} 35. Qc3+ {[%emt 0:00:46]} Kg8 {[%emt 0:00:51]} 36. f4 {[%emt 0:00:14]} Rd5 {[%emt 0:01:07]} 37. Kf3 {[%emt 0:00:30]} Rf5 {[%emt 0:01:39]} 38. g4 {[%emt 0:02:30]} hxg4+ {[%emt 0:00:30]} 39. hxg4 {[%emt 0:00:00]} Rd5 {[%emt 0:00:00]} 40. Ke4 {[%emt 0:00:44]} Rd8 {[%emt 0:00:50]} 41. f5 {[%emt 0:00:51]} gxf5+ {[%emt 0:00:45]} 42. gxf5 {[%emt 0:01:38]} Rd6 {[%emt 0:01:11]} 43. Kf4 {[%emt 0:01:03]} Kf8 {[%emt 0:01:01]} 44. Qc5 {[%emt 0:00:39]} Ke7 {[%emt 0:00:30]} 45. Kg5 {[%emt 0:00:00]} f6+ {[%emt 0:00:26]} 46. Kh6 {[%emt 0:00:25]} Kd7 {[%emt 0:00:50]} 47. Qxd6+ {[%emt 0:00:30]} Kxd6 {[%emt 0:00:30]} 48. Kg7 {[%emt 0:00:00]} 1-0

[Event "Turkish Club Cup 2019"]
[Site "Konya"]
[Date "2019.07.20"]
[Round "7"]
[White "Karahan, Anil"]
[Black "Basaran, Alp"]
[Result "1-0"]
[WhiteElo "1889"]
[BlackElo "1857"]
[Annotator "NA"]
[PlyCount "111"]
[EventDate "2019.07.16"]
[EventType "team-tourn"]
[EventCountry "TUR"]
[SourceTitle "playchess.com"]
[Source "ChessBase"]
[SourceQuality "1"]
[TimeControl "5400+30"]

1. d4 {[%emt 0:00:30]} Nf6 {[%emt 0:00:30]} 2. c4 {[%emt 0:00:00]} g6 {[%emt 0:01:30]} 3. Nf3 {[%emt 0:00:00]} Bg7 {[%emt 0:00:30]} 4. g3 {[%emt 0:00:30]} O-O {[%emt 0:00:30]} 5. Bg2 {[%emt 0:00:00]} d6 {[%emt 0:00:30]} 6. O-O {[%emt 0:00:00]} c6 {[%emt 0:01:30]} 7. Nc3 {[%emt 0:00:30]} Qa5 {[%emt 0:05:30]} 8. e4 {[%emt 0:02:30]} e5 {[%emt 0:03:30]} 9. d5 {[%emt 0:01:30]} cxd5 {[%emt 0:01:30]} 10. cxd5 {[%emt 0:00:30]} Bd7 {[%emt 0:06:30]} 11. Nd2 {[%emt 0:08:30]} Rc8 {[%emt 0:08:30]} 12. Nb3 {[%emt 0:10:30]} Qd8 {[%emt 0:02:30]} 13. h3 {[%emt 0:04:30]} Na6 {[%emt 0:08:30]} 14. a4 {[%emt 0:08:30]} Qf8 {[%emt 0:09:30]} 15. Bg5 {[%emt 0:05:30]} h6 {[%emt 0:02:30]} 16. Be3 {[%emt 0:03:30]} Ne8 {[%emt 0:02:30]} 17. Qd2 {[%emt 0:10:30]} Kh7 {[%emt 0:00:00]} 18. Nc1 {[%emt 0:00:30]} h5 {[%emt 0:10:00]} 19. Ra3 {[%emt 0:06:30]} Nc5 {[%emt 0:07:30]} 20. b4 {[%emt 0:01:30]} Na6 {[%emt 0:00:00]} 21. Nd3 {[%emt 0:02:30]} Qe7 {[%emt 0:07:27]} 22. Rfa1 {[%emt 0:03:30]} b6 {[%emt 0:06:06]} 23. Rb1 {[%emt 0:02:30]} f5 {[%emt 0:05:04]} 24. Bf1 {[%emt 0:00:30]} Nac7 {[%emt 0:00:48]} 25. Ne1 {[%emt 0:08:47]} Bf6 {[%emt 0:02:35]} 26. b5 {[%emt 0:01:22]} g5 {[%emt 0:01:45]} 27. exf5 {[%emt 0:00:08]} Bxf5 {[%emt 0:01:06]} 28. Rb4 {[%emt 0:05:13]} Ng7 {[%emt 0:01:40]} 29. a5 {[%emt 0:03:26]} g4 {[%emt 0:01:23]} 30. h4 {[%emt 0:00:10]} Bg6 {[%emt 0:00:32]} 31. Ne4 {[%emt 0:02:00]} Nf5 {[%emt 0:00:54]} 32. Ng2 {[%emt 0:02:29]} Nxe3 {[%emt 0:00:34]} 33. Nxf6+ {[%emt 0:00:47]} Qxf6 {[%emt 0:00:06]} 34. Nxe3 {[%emt 0:00:00]} Ne8 {[%emt 0:00:14]} 35. axb6 {[%emt 0:01:26]} axb6 {[%emt 0:00:35]} 36. Rba4 {[%emt 0:00:00]} Rxa4 {[%emt 0:00:13]} 37. Rxa4 {[%emt 0:00:08]} Rc7 {[%emt 0:00:30]} 38. Ra6 {[%emt 0:00:30]} Rb7 {[%emt 0:00:30]} 39. Qa2 {[%emt 0:00:30]} Qf7 {[%emt 0:00:30]} 40. Ra8 {[%emt 0:00:30]} Rc7 {[%emt 0:00:30]} 41. Qa3 {[%emt 0:03:26]} Nf6 {[%emt 0:00:59]} 42. Rb8 {[%emt 0:00:50]} Ne4 {[%emt 0:00:10]} 43. Qb2 {[%emt 0:00:47]} Rb7 {[%emt 0:00:33]} 44. Rxb7 {[%emt 0:01:19]} Qxb7 {[%emt 0:00:05]} 45. Bd3 {[%emt 0:01:30]} Nf6 {[%emt 0:01:59]} 46. Bxg6+ {[%emt 0:00:39]} Kxg6 {[%emt 0:00:17]} 47. Qc2+ {[%emt 0:00:05]} e4 {[%emt 0:00:34]} 48. Qc6 {[%emt 0:00:36]} Qa7 {[%emt 0:00:57]} 49. Qxd6 {[%emt 0:00:33]} Qa1+ {[%emt 0:00:21]} 50. Kg2 {[%emt 0:00:21]} Qd4 {[%emt 0:00:24]} 51. Qe6 {[%emt 0:01:01]} Qc5 {[%emt 0:00:14]} 52. d6 {[%emt 0:01:09]} Qc3 {[%emt 0:01:55]} 53. d7 {[%emt 0:00:30]} Qd3 {[%emt 0:00:11]} 54. Qe8+ {[%emt 0:00:37]} Nxe8 {[%emt 0:00:40]} 55. dxe8=Q+ {[%emt 0:00:02]} Kf6 {[%emt 0:00:21]} 56. Qxh5 {[%emt 0:00:41]} 1-0

[Event "Turkish Club Cup 2019"]
[Site "Konya"]
[Date "2019.07.20"]
[Round "7"]
[White "Aysoy, Veysi"]
[Black "Ozates, Mert"]
[Result "1-0"]
[WhiteElo "1881"]
[BlackElo "1758"]
[Annotator "NA"]
[PlyCount "101"]
[EventDate "2019.07.16"]
[EventType "team-tourn"]
[EventCountry "TUR"]
[SourceTitle "playchess.com"]
[Source "ChessBase"]
[SourceQuality "1"]

1. e4 e6 2. d4 d5 3. e5 c5 4. c3 Nc6 5. Nf3 Qb6 6. a3 Nh6 7. Bd3 cxd4 8. cxd4 Bd7 9. Bc2 Nf5 10. Bxf5 exf5 11. O-O Be7 12. Nc3 Be6 13. Na4 Qc7 14. Bg5 h6 15. Bxe7 Qxe7 16. Rc1 Rc8 17. b4 O-O 18. Qd2 b6 19. Nc3 a5 20. b5 Nb8 21. Nb1 Qd7 22. a4 Rc4 23. Rxc4 dxc4 24. Nc3 Bd5 25. Re1 Rd8 26. Rd1 Qe6 27. Qf4 Nd7 28. h4 Nf8 29. h5 Qc8 30. Nh4 Qb7 31. Nxf5 Ne6 32. Qg4 Kf8 33. Nd6 Qa8 34. f4 Nc7 35. f5 Rxd6 36. exd6 Ne8 37. Qf4 Nf6 38. Qe5 Bxg2 39. d5 Bf3 40. Qe7+ Kg8 41. d7 Nxd7 42. Qxd7 Bxd1 43. Nxd1 Qb8 44. d6 Qa8 45. Qc6 Qd8 46. d7 Qg5+ 47. Qg2 Qh4 48. Qa8+ Kh7 49. d8=Q Qe1+ 50. Kg2 Qe2+ 51. Nf2 1-0

[Event "Turkish Club Cup 2019"]
[Site "Konya"]
[Date "2019.07.20"]
[Round "7"]
[White "Cevrin, Muhammet Cemre"]
[Black "Aydin, Ismail"]
[Result "0-1"]
[WhiteElo "1860"]
[BlackElo "1896"]
[Annotator "NA"]
[PlyCount "84"]
[EventDate "2019.07.16"]
[EventType "team-tourn"]
[EventCountry "TUR"]
[SourceTitle "playchess.com"]
[Source "ChessBase"]
[SourceQuality "1"]

1. a3 g6 2. e4 Bg7 3. Nc3 c5 4. g3 Nc6 5. Bg2 Nf6 6. d3 d6 7. h3 O-O 8. Nge2 Ne8 9. O-O f5 10. Be3 Nd4 11. f4 Nc7 12. Rb1 fxe4 13. dxe4 e5 14. Qd2 Be6 15. Nd5 Nxd5 16. exd5 Bf5 17. fxe5 Nxe2+ 18. Qxe2 Bxe5 19. g4 Bd7 20. Rxf8+ Qxf8 21. Rf1 Qe7 22. c3 Re8 23. Qf3 Bb5 24. Rf2 Bg7 25. Bd2 Be2 26. Qf4 Bd3 27. Rf3 c4 28. Re3 Be5 29. Qh6 Qd8 30. Rf3 Qb6+ 31. Be3 Qxb2 32. Bf4 Qxc3 33. h4 Bxf4 34. Qxf4 Re1+ 35. Bf1 Rxf1+ 36. Rxf1 Bxf1 37. Qxd6 Qf3 38. Qb8+ Qf8 39. Qxb7 Bd3 40. Qxa7 Qf1+ 41. Kh2 Qf4+ 42. Kg1 Qg3+ 0-1

[Event "Turkish Club Cup 2019"]
[Site "Konya"]
[Date "2019.07.20"]
[Round "7"]
[White "Kiziltas, Inanc Vefa"]
[Black "Cakir, Ege"]
[Result "0-1"]
[WhiteElo "1858"]
[BlackElo "1765"]
[Annotator "NA"]
[PlyCount "94"]
[EventDate "2019.07.16"]
[EventType "team-tourn"]
[EventCountry "TUR"]
[SourceTitle "playchess.com"]
[Source "ChessBase"]
[SourceQuality "1"]

1. e4 g6 2. d4 Bg7 3. Nf3 d6 4. Bc4 Nf6 5. Qe2 c6 6. e5 Nd5 7. h3 O-O 8. O-O dxe5 9. dxe5 Qc7 10. Re1 e6 11. Bb3 Ne7 12. c4 Nd7 13. Bg5 Nc5 14. Bc2 a5 15. Bf6 b6 16. Nbd2 Ba6 17. Ng5 Nf5 18. Rac1 Nd7 19. Bxg7 Nxg7 20. Ndf3 Nc5 21. Ne4 Nxe4 22. Qxe4 Bb7 23. Qh4 c5 24. Ng5 h5 25. Be4 Nf5 26. Qf4 Bxe4 27. Nxe4 Qe7 28. Nf6+ Kg7 29. Qg5 Rh8 30. Rcd1 Ra7 31. Rd3 Nd4 32. Re4 Nc6 33. Rf4 Nd4 34. Kf1 Rd7 35. Rg3 Nf5 36. Rgf3 Rd1+ 37. Ke2 Qd8 38. Rxf5 exf5 39. Re3 Qd2+ 40. Kf3 Rf1 41. Qh4 f4 42. Ne4 Rxf2+ 43. Qxf2 Qxf2+ 44. Kxf2 fxe3+ 45. Kxe3 Rd8 46. Nc3 Rd4 47. b3 g5 0-1

[Event "Turkish Club Cup 2019"]
[Site "Konya"]
[Date "2019.07.20"]
[Round "7"]
[White "Iyiol, Mehmet"]
[Black "Salman, Ilhan Serhat"]
[Result "0-1"]
[WhiteElo "1857"]
[BlackElo "1950"]
[Annotator "NA"]
[PlyCount "278"]
[EventDate "2019.07.16"]
[EventType "team-tourn"]
[EventCountry "TUR"]
[SourceTitle "playchess.com"]
[Source "ChessBase"]
[SourceQuality "1"]

1. c4 g6 2. Nf3 Bg7 3. d4 d6 4. g3 Nf6 5. Bg2 O-O 6. O-O Nfd7 7. Nc3 c6 8. e4 Qc7 9. Be3 e5 10. d5 Nb6 11. Nd2 Na6 12. a3 f5 13. f3 Bd7 14. Qe2 cxd5 15. cxd5 Rac8 16. Rac1 f4 17. gxf4 exf4 18. Bf2 Na4 19. Ndb1 Nxc3 20. Nxc3 Nc5 21. Qc4 Qb8 22. Rfd1 Ne6 23. Qb4 Nc5 24. Bf1 b6 25. Nb5 a5 26. Qd2 Nb3 27. Rxc8 Rxc8 28. Qxf4 Be5 29. Qe3 Nc5 30. b4 Na4 31. Rc1 Rxc1 32. Qxc1 Bxb5 33. Bxb5 Nc3 34. Bf1 axb4 35. axb4 Qf8 36. f4 Nxe4 37. Bxb6 Bxf4 38. Qe1 Ng5 39. Bg2 Be5 40. Qf2 Qc8 41. Qe3 Qg4 42. h3 Qxb4 43. Ba7 Qb1+ 44. Kf2 Qc2+ 45. Kg1 Qd1+ 46. Kf2 Qc2+ 47. Kg1 Qb1+ 48. Kf2 Qf5+ 49. Kg1 Qf4 50. Qxf4 Bxf4 51. Kf2 Be5 52. Ke3 Kg7 53. Bb6 Nf7 54. Bf1 Bh2 55. Bd4+ Be5 56. Bb6 Nh6 57. Bg2 Nf5+ 58. Ke2 Bd4 59. Bc7 Kf6 60. Kd3 Bc5 61. Ke4 Ng3+ 62. Kf3 Nh5 63. Ke4 Ke7 64. Ba5 Nf6+ 65. Kf4 Ba3 66. Bf3 Bc1+ 67. Kg3 Nd7 68. Bc3 Bg5 69. Be4 Bf6 70. Ba5 Be5+ 71. Kf2 Nc5 72. Bc2 Nb7 73. Bb4 Kf6 74. Kf3 Nd8 75. Ba5 Nf7 76. Bd2 Bb2 77. Bf4 Ba1 78. Ke2 Be5 79. Bd2 Bh2 80. Bc3+ Be5 81. Bd2 Bb2 82. Bf4 Be5 83. Bd2 Ba1 84. Bf4 Bb2 85. Bb1 g5 86. Bg3 h6 87. Kf3 Be5 88. Be1 Bb2 89. Bg3 h5 90. Bc2 Be5 91. Be1 Nh6 92. Kg2 Nf5 93. Bb3 Bd4 94. Bd2 Be3 95. Bc3+ Bd4 96. Bd2 Nh4+ 97. Kg3 Be5+ 98. Kf2 g4 99. hxg4 hxg4 100. Be3 Bh2 101. Bd4+ Ke7 102. Bc2 g3+ 103. Ke2 g2 104. Be4 g1=Q 105. Bxg1 Bxg1 106. Kd3 Kf6 107. Kc4 Ke5 108. Bh7 Nf5 109. Bg8 Ne3+ 110. Kd3 Nxd5 111. Kd2 Kd4 112. Bf7 Be3+ 113. Ke2 Nc3+ 114. Kf3 Bh6 115. Bg8 Ne4 116. Ba2 Nd2+ 117. Kg4 Nc4 118. Kf5 d5 119. Ke6 Kc5 120. Bb1 d4 121. Be4 Nd2 122. Bd3 Kb4 123. Kd5 Kc3 124. Bh7 Nf3 125. Be4 Nd2 126. Bh7 Bg7 127. Bg6 Nc4 128. Bh7 Ne3+ 129. Ke4 Kd2 130. Kf3 Nc4 131. Kf2 Ne5 132. Bf5 Bf6 133. Kf1 Ke3 134. Ke1 Bh4+ 135. Kd1 Nd3 136. Kc2 Nf2 137. Bh7 Ne4 138. Kd1 d3 139. Kc1 d2+ 0-1

[Event "Turkish Club Cup 2019"]
[Site "Konya"]
[Date "2019.07.20"]
[Round "7"]
[White "Yuksel, Davut Can"]
[Black "Gonullu, Muhammed Sinan"]
[Result "1/2-1/2"]
[WhiteElo "1845"]
[BlackElo "1823"]
[Annotator "NA"]
[PlyCount "104"]
[EventDate "2019.07.16"]
[EventType "team-tourn"]
[EventCountry "TUR"]
[SourceTitle "playchess.com"]
[Source "ChessBase"]
[SourceQuality "1"]

1. d4 Nf6 2. c4 e6 3. Nf3 Bb4+ 4. Nbd2 Ne4 5. Qc2 Nxd2 6. Bxd2 Bxd2+ 7. Qxd2 b6 8. e4 Bb7 9. d5 Qe7 10. Be2 O-O 11. O-O d6 12. Rfe1 e5 13. Bd3 Bc8 14. b4 Bg4 15. Qe3 Bxf3 16. Qxf3 a5 17. a3 Nd7 18. g3 g6 19. Bf1 f5 20. Bh3 Qf6 21. Qe2 Kh8 22. Qc2 h5 23. Rab1 Qf7 24. exf5 gxf5 25. Qd2 Qg6 26. Qc3 Kh7 27. Kh1 Qf6 28. f3 Rf7 29. Rbc1 Kh8 30. Rf1 Rff8 31. Qb2 Rf7 32. Rce1 Rff8 33. Qd2 Kh7 34. Bg2 Rg8 35. Bh3 Rgf8 36. Rg1 Rg8 37. Qc2 Rgf8 38. g4 Qh4 39. gxf5 Nf6 40. Bg2 Rg8 41. Qc1 axb4 42. axb4 Rg7 43. Qc2 Rag8 44. Ra1 Qf4 45. Rad1 h4 46. Qd3 e4 47. Qe2 exf3 48. Bxf3 Rxg1+ 49. Rxg1 Re8 50. Qg2 Rg8 51. Qe2 Rxg1+ 52. Kxg1 Qxf5 1/2-1/2

[Event "Turkish Club Cup 2019"]
[Site "Konya"]
[Date "2019.07.20"]
[Round "7"]
[White "Benk, Tolga Tugay"]
[Black "Sancar, Alperen"]
[Result "1/2-1/2"]
[WhiteElo "1844"]
[BlackElo "1479"]
[Annotator "NA"]
[PlyCount "124"]
[EventDate "2019.07.16"]
[EventType "team-tourn"]
[EventCountry "TUR"]
[SourceTitle "playchess.com"]
[Source "ChessBase"]
[SourceQuality "1"]

1. d4 Nf6 2. Bg5 e6 3. e4 h6 4. Bxf6 Qxf6 5. Nc3 b6 6. a3 Bb7 7. Nf3 g6 8. Bd3 Bg7 9. Ne2 Nc6 10. c3 d6 11. Qa4 O-O 12. Ba6 Bxa6 13. Qxa6 Qe7 14. O-O Qd7 15. Rad1 Rfd8 16. h3 d5 17. e5 Na5 18. Nd2 c5 19. dxc5 Bxe5 20. cxb6 axb6 21. Qxb6 Rdb8 22. Qe3 Bg7 23. Rb1 Nb3 24. Nxb3 Rxb3 25. Nc1 Rb5 26. Na2 Kh7 27. Rfd1 Rc8 28. Qd3 Rbc5 29. Nb4 Rc4 30. Rd2 Qa7 31. Rbd1 d4 32. cxd4 Rxd4 33. Qe3 Rxd2 34. Qxd2 Qa4 35. Re1 Qb3 36. Re2 Rc7 37. Kh2 Rc5 38. g3 Qf3 39. Qe3 Qf5 40. g4 Qe5+ 41. Qxe5 Bxe5+ 42. Kg2 Bf6 43. f4 Rc1 44. Nd3 Rd1 45. Ne5 Kg7 46. Rc2 Re1 47. Kf2 Rh1 48. Kg3 g5 49. Kg2 Rb1 50. Nd3 gxf4 51. a4 Ra1 52. b3 Ra3 53. Nxf4 Rxb3 54. Nh5+ Kg6 55. Nxf6 Kxf6 56. Ra2 Rb6 57. Kg3 Ke5 58. Kh4 Kf6 59. a5 Ra6 60. Kh5 Kg7 61. Ra4 Kh7 62. Ra3 Kg7 1/2-1/2

[Event "Turkish Club Cup 2019"]
[Site "Konya"]
[Date "2019.07.20"]
[Round "7"]
[White "Yorgun, Yaren Naz"]
[Black "Yalcin, Nehir"]
[Result "1/2-1/2"]
[WhiteElo "1819"]
[BlackElo "1392"]
[Annotator "NA"]
[PlyCount "81"]
[EventDate "2019.07.16"]
[EventType "team-tourn"]
[EventCountry "TUR"]
[SourceTitle "playchess.com"]
[Source "ChessBase"]
[SourceQuality "1"]

1. d4 Nf6 2. Bg5 g6 3. Bxf6 exf6 4. e3 Bg7 5. Ne2 d6 6. Nf4 Bd7 7. h4 h5 8. Bd3 Nc6 9. c3 Ne7 10. Nd2 Bf5 11. Bxf5 Nxf5 12. Qb3 Qc8 13. O-O-O c6 14. e4 Ne7 15. Nc4 Qc7 16. g3 O-O-O 17. Ne3 Rhf8 18. Kb1 Kb8 19. Rhe1 Nc8 20. Nc2 Ka8 21. Nb4 Rfe8 22. Nbd3 Nb6 23. f3 Re7 24. Rh1 Bh6 25. c4 c5 26. dxc5 dxc5 27. Qc2 Red7 28. Rhg1 Kb8 29. Nd5 Nxd5 30. cxd5 Be3 31. Rg2 f5 32. Re1 Bd4 33. exf5 Rxd5 34. fxg6 fxg6 35. Nf4 R5d6 36. Rge2 Qc6 37. Qe4 Qb6 38. Qc2 Qc6 39. Qe4 Qb6 40. Rc1 Qa6 41. Qd3 1/2-1/2

[Event "Turkish Club Cup 2019"]
[Site "Konya"]
[Date "2019.07.20"]
[Round "7"]
[White "Unlu, Ahmet Berkin"]
[Black "Eren, Yusuf Kemal"]
[Result "0-1"]
[WhiteElo "1806"]
[BlackElo "1858"]
[Annotator "NA"]
[PlyCount "71"]
[EventDate "2019.07.16"]
[EventType "team-tourn"]
[EventCountry "TUR"]
[SourceTitle "playchess.com"]
[Source "ChessBase"]
[SourceQuality "1"]

1. e4 c5 2. Nf3 d6 3. d4 cxd4 4. Nxd4 Nf6 5. f3 e5 6. Nb3 Be6 7. Be3 d5 8. Bb5+ Nc6 9. exd5 Nxd5 10. Bf2 Be7 11. O-O O-O 12. Re1 Bg5 13. Na3 Qf6 14. Nc5 Nd4 15. Ne4 Qh6 16. Nxg5 Qxg5 17. Bxd4 Nf4 18. Bf1 exd4 19. Qxd4 Rad8 20. Qe5 Bf5 21. g3 Ng6 22. Qe3 Qf6 23. c3 h5 24. Nb5 h4 25. Rad1 hxg3 26. hxg3 a6 27. Nd4 Bd7 28. Qf2 Ne5 29. Re4 g5 30. Rde1 Rde8 31. R1e3 b5 32. Qe1 g4 33. Rxe5 Rxe5 34. Rxe5 gxf3 35. Qe3 f2+ 36. Kg2 0-1

[Event "Turkish Club Cup 2019"]
[Site "Konya"]
[Date "2019.07.20"]
[Round "7"]
[White "Bozyaka, Altug"]
[Black "Kucuk, Dogan"]
[Result "0-1"]
[WhiteElo "1798"]
[BlackElo "2028"]
[Annotator "NA"]
[PlyCount "116"]
[EventDate "2019.07.16"]
[EventType "team-tourn"]
[EventCountry "TUR"]
[SourceTitle "playchess.com"]
[Source "ChessBase"]
[SourceQuality "1"]

1. d4 d5 2. Nf3 Nf6 3. c4 dxc4 4. e3 a6 5. Bxc4 e6 6. O-O b5 7. Be2 Bb7 8. a3 Nbd7 9. b4 Bd6 10. Bb2 O-O 11. Nbd2 Nb6 12. Qc2 Na4 13. Rfc1 Qe7 14. Bd3 Nxb2 15. Qxb2 Nd7 16. Be4 Bxe4 17. Nxe4 Nb6 18. Nfd2 Rfb8 19. Nc3 Qd7 20. Nb3 Nc4 21. Qe2 c6 22. Ne4 a5 23. Nec5 Qe7 24. Rxc4 bxc4 25. Nxa5 Rxa5 26. bxa5 Bxc5 27. dxc5 Qxc5 28. g3 c3 29. Qd3 Qxa5 30. Rc1 Rb3 31. a4 Qd5 32. Qxd5 cxd5 33. Kf1 Kf8 34. Ke2 Ra3 35. Kd3 Rxa4 36. Rxc3 Ra2 37. f3 Rxh2 38. Rc7 h5 39. g4 hxg4 40. fxg4 Rg2 41. Rc8+ Ke7 42. Rc7+ Kf6 43. Rc8 Rxg4 44. Rg8 Ra4 45. Re8 Kf5 46. Rf8 f6 47. Rh8 g5 48. Rf8 e5 49. Rf7 g4 50. Rg7 Ra3+ 51. Ke2 d4 52. exd4 exd4 53. Rg8 Kf4 54. Rd8 Ra2+ 55. Kd3 g3 56. Rxd4+ Kf3 57. Rd6 f5 58. Rg6 f4 0-1

[Event "Turkish Club Cup 2019"]
[Site "Konya"]
[Date "2019.07.20"]
[Round "7"]
[White "Peker, Serdar"]
[Black "Celiker, Yakup"]
[Result "0-1"]
[WhiteElo "1797"]
[BlackElo "1930"]
[Annotator "NA"]
[PlyCount "82"]
[EventDate "2019.07.16"]
[EventType "team-tourn"]
[EventCountry "TUR"]
[SourceTitle "playchess.com"]
[Source "ChessBase"]
[SourceQuality "1"]

1. e4 e5 2. Nf3 Nc6 3. d4 exd4 4. Nxd4 Bc5 5. Be3 Qf6 6. c3 Nge7 7. Bc4 Ne5 8. Be2 d6 9. O-O O-O 10. Nd2 a6 11. Nc2 Bxe3 12. Nxe3 Qh6 13. Nf3 N5g6 14. Re1 Nf4 15. Bf1 Kh8 16. c4 Be6 17. Nd5 Bxd5 18. exd5 Neg6 19. g3 Nh3+ 20. Bxh3 Qxh3 21. Ng5 Qd7 22. f4 h6 23. Nf3 Rfe8 24. Qd2 b5 25. b3 bxc4 26. bxc4 c5 27. Kg2 Kg8 28. h3 Reb8 29. Rab1 Qf5 30. Rxb8+ Rxb8 31. Re2 Qf6 32. Qc2 Ne7 33. Nh4 g6 34. Rf2 Rb4 35. a3 Rb8 36. Re2 Nf5 37. Nxf5 gxf5 38. Kf3 Qa1 39. Qxf5 Qf1+ 40. Rf2 Rb3+ 41. Kg4 Qxf2 0-1

[Event "Turkish Club Cup 2019"]
[Site "Konya"]
[Date "2019.07.20"]
[Round "7"]
[White "Kacangar, Mehmed"]
[Black "Ulusoy, Kemal"]
[Result "1-0"]
[WhiteElo "1785"]
[BlackElo "1563"]
[Annotator "NA"]
[PlyCount "79"]
[EventDate "2019.07.16"]
[EventType "team-tourn"]
[EventCountry "TUR"]
[SourceTitle "playchess.com"]
[Source "ChessBase"]
[SourceQuality "1"]

1. c4 Nf6 2. Nc3 g6 3. d4 Bg7 4. e4 d6 5. Be2 O-O 6. h4 c6 7. h5 e5 8. d5 cxd5 9. cxd5 Nbd7 10. Be3 Qa5 11. Qd2 Nc5 12. Bxc5 Qxc5 13. h6 Bh8 14. Nf3 Bd7 15. O-O Nh5 16. Rfc1 Qb6 17. a4 Nf4 18. Nb5 Rac8 19. Kf1 Bxb5 20. axb5 Rxc1+ 21. Rxc1 f5 22. exf5 Rxf5 23. Rc8+ Rf8 24. Rxf8+ Kxf8 25. Ng5 Kg8 26. g3 Nxe2 27. Qxe2 Qc5 28. Qd1 Qxb5+ 29. Kg2 Qd7 30. Ne4 Qe7 31. Qc2 Qd8 32. Qb3 b6 33. Qa4 Qe7 34. Qc6 Bf6 35. Qc8+ Kf7 36. Qb8 g5 37. Nxd6+ Kg6 38. Qg8+ Kh5 39. Nf5 Qd7 40. f3 1-0

[Event "Turkish Club Cup 2019"]
[Site "Konya"]
[Date "2019.07.20"]
[Round "7"]
[White "Yurdakul, Didem Nuray"]
[Black "Yilmaz, Seyma"]
[Result "1-0"]
[WhiteElo "1779"]
[BlackElo "1500"]
[Annotator "NA"]
[PlyCount "61"]
[EventDate "2019.07.16"]
[EventType "team-tourn"]
[EventCountry "TUR"]
[SourceTitle "playchess.com"]
[Source "ChessBase"]
[SourceQuality "1"]

1. e4 c5 2. Nf3 d6 3. d4 cxd4 4. Nxd4 Nf6 5. Nc3 g6 6. Be3 Bg7 7. f3 Nc6 8. Qd2 d5 9. Bb5 O-O 10. Bxc6 bxc6 11. Nxc6 Qc7 12. exd5 Ba6 13. Kf2 e6 14. Nb4 Bb7 15. d6 Qc4 16. Nd3 Nd7 17. Rhd1 e5 18. Kg1 Rfc8 19. Nf2 f5 20. Qd3 Qh4 21. Nd5 e4 22. fxe4 Be5 23. Ne7+ Kf7 24. Qb3+ Kg7 25. Qxb7 Qxh2+ 26. Kf1 Rd8 27. exf5 Bxd6 28. f6+ Kxf6 29. Ng4+ Kxe7 30. Nxh2 Bxh2 31. Bg5+ 1-0

[Event "Turkish Club Cup 2019"]
[Site "Konya"]
[Date "2019.07.20"]
[Round "7"]
[White "Asan, Elvan"]
[Black "Dogan, Sibel"]
[Result "1-0"]
[WhiteElo "1760"]
[BlackElo "1596"]
[Annotator "NA"]
[PlyCount "105"]
[EventDate "2019.07.16"]
[EventType "team-tourn"]
[EventCountry "TUR"]
[SourceTitle "playchess.com"]
[Source "ChessBase"]
[SourceQuality "1"]

1. e4 c5 2. Nf3 d6 3. d4 cxd4 4. Qxd4 Nc6 5. Bb5 Bd7 6. Bxc6 Bxc6 7. Nc3 Nf6 8. Bg5 e5 9. Qd3 Be7 10. O-O-O Qc7 11. Nb5 Bxb5 12. Qxb5+ Nd7 13. Rd3 Qc6 14. Qxc6 bxc6 15. Bxe7 Kxe7 16. Rhd1 d5 17. exd5 c5 18. d6+ Kf6 19. Nd2 h6 20. Rd5 Rac8 21. Nc4 Ke6 22. R5d3 Rc6 23. Re1 f5 24. Nxe5 Nxe5 25. f4 Rxd6 26. Rxe5+ Kd7 27. Rxc5 Rxd3 28. cxd3 g6 29. Ra5 Rc8+ 30. Kd2 Rc7 31. Ra6 Rb7 32. b3 g5 33. fxg5 hxg5 34. Rg6 g4 35. Rg7+ Kc6 36. Rxb7 Kxb7 37. Ke3 Kc6 38. Kd4 Kd6 39. b4 a6 40. a4 Ke6 41. b5 axb5 42. axb5 Kd6 43. b6 Kc6 44. Ke5 Kxb6 45. Kxf5 Kc5 46. Ke5 Kc6 47. d4 Kd7 48. Kd5 Kc7 49. Ke6 Kd8 50. Kd6 Ke8 51. Kc7 Ke7 52. d5 Ke8 53. d6 1-0

[Event "Turkish Club Cup 2019"]
[Site "Konya"]
[Date "2019.07.20"]
[Round "7"]
[White "Senyuz, Mustafa Zorbey"]
[Black "Dogan, Ali Ekber"]
[Result "0-1"]
[WhiteElo "1754"]
[BlackElo "2200"]
[Annotator "NA"]
[PlyCount "76"]
[EventDate "2019.07.16"]
[EventType "team-tourn"]
[EventCountry "TUR"]
[SourceTitle "playchess.com"]
[Source "ChessBase"]
[SourceQuality "1"]

1. e4 e6 2. Nf3 d5 3. e5 c5 4. b4 cxb4 5. a3 bxa3 6. d4 Nc6 7. c3 Bd7 8. Bd3 Rc8 9. O-O Na5 10. Ng5 g6 11. Nxa3 a6 12. Bd2 h6 13. Nh3 Bg7 14. Rb1 Ne7 15. Qg4 b5 16. Nf4 h5 17. Qg3 Nc4 18. Nxc4 dxc4 19. Bc2 Bc6 20. Bxg6 Nxg6 21. Nxg6 fxg6 22. Qxg6+ Kf8 23. Qxe6 Qd7 24. Qg6 Qg4 25. Qd6+ Kf7 26. f3 Qd7 27. Qxd7+ Bxd7 28. f4 Bf5 29. Ra1 Ra8 30. Bc1 Ke6 31. Ba3 a5 32. Bd6 Bf8 33. Bc7 b4 34. Bxa5 b3 35. Rf2 Rh7 36. d5+ Kxd5 37. Rd1+ Kc6 38. Bd8 Bc5 0-1